Informačná bezpečnosť je zodpovednosťou celej organizácie

Trendy a otázky informačnej bezpečnosti – modernizácia a inovácie vo firmách. Podcenenie informačnej bezpečnosti a kybernetciké hrozby. Prínosy zavádzania certifikácie podľa normy ISO/IEC 27001.

Salvato in:
Dettagli Bibliografici
Autore principale: Horník, Pavel
Natura: Capitolo di libro
Lingua:slovacco
Soggetti:
Tags: Aggiungi Tag
Nessun Tag, puoi essere il primo ad aggiungerne!!

MARC

LEADER 00000naa a2200000 4500
001 0229540
005 20170714085757.5
041 0 |a slo 
044 |a SK 
245 1 0 |a Informačná bezpečnosť je zodpovednosťou celej organizácie  |c Pavel Horník 
520 |a Trendy a otázky informačnej bezpečnosti – modernizácia a inovácie vo firmách. Podcenenie informačnej bezpečnosti a kybernetciké hrozby. Prínosy zavádzania certifikácie podľa normy ISO/IEC 27001. 
610 2 0 |a technológie informačné 
610 2 0 |a technológie komunikačné 
610 2 0 |a proces informačný 
610 2 0 |a certifikácia 
610 2 0 |a normy ISO 
610 2 0 |a bezpečnosť informačná 
100 1 |a Horník, Pavel